Music Quiz

Random Music or Album Quiz

Red Hot Chili Peppers Albums Quiz Stats

 Plays Quiz Updated Feb 3, 2019

Support Sporcle.
Go Orange.
Score 0/11 Timer 04:00
4 Plays Today
Year Album % Correct
1999Californication
91.4%
2006Stadium Arcadium
86.9%
1991Blood Sugar Sex Magik
83.2%
2002By the Way
79.1%
2016The Getaway
74.2%
1989Mother's Milk
70.4%
1984The Red Hot Chili Peppers
65.1%
1995One Hot Minute
61.3%
1985Freaky Styley
50.5%
1987The Uplift Mofo Party Plan
45.6%
2011I'm With You
31.7%

From the Vault

US States in Squares

by FlamedZeppelin

Keeping states in squares makes storing them much easier.
Remove Ads.
Support Sporcle.
Get the best of Sporcle when you Go Orange. This ad-free experience offers more features, more stats, and more fun while also helping to support Sporcle. Thank you for becoming a member.

Show Comments

Extras

Top Quizzes Today


Score Distribution

Your Account Isn't Verified!

In order to create a playlist on Sporcle, you need to verify the email address you used during registration. Go to your Sporcle Settings to finish the process.

Report this User

Report this user for behavior that violates our Community Guidelines.

Details: